| 000 | 00530nam a2200193Ia 4500 | ||
|---|---|---|---|
| 003 | GCL | ||
| 008 | 140319s9999 xx 000 0 eng d | ||
| 040 |
_aGCL / _cGCL |
||
| 082 | 0 | 4 |
_aCC _b932.023 _bL E |
| 100 | 1 | _aLEFEBVRE, GUSTAVE M. | |
| 245 | 1 | 0 |
_aEGYPTE CHRETIENNE / _cLEFEBVRE, GUSTAVE M. |
| 260 |
_a[S.N] : _bSERVICE DES ANTIQUITES DE L'EGYPTE ، _c1915 |
||
| 300 | _a27 P | ||
| 650 | 0 | 4 | _aCOPTS |
| 650 | 0 | 4 | _aCHRISTIANITY, EGYPT |
| 650 | 0 | 4 | _aGRECO ROMAN PERIOD, EGYPT |
| 650 | 0 | 4 | _aEGYPT - RELIGION |
| 942 |
_2ddc _cBK |
||
| 999 |
_c20375 _d20375 |
||